Word Ladder: Garden Bugs Quiz Stats

 Plays Quiz Updated Jul 15, 2014

Support Sporcle.
Go Orange.
Score 0/30 Timer 03:00
0 Plays Today
Clue 4-Letter Word % Correct
Reduce speedSLOW
95.2%
Cubes for YahtzeeDICE
92.9%
Good fortuneLUCK
92.8%
Hole for a coinSLOT
91.9%
Basin in a bathroomSINK
90.9%
A common waterbirdDUCK
90.5%
A security deviceLOCK
90.1%
SeeLOOK
89.7%
A green AvengerHULK
89.7%
A soft, lustrous fiberSILK
89.2%
The farmer's wife attacked three of theseMICE
88.6%
Pout and feel sadSULK
88.2%
The body of a shipHULL
88%
Move steadily in a current or streamFLOW
88%
British pudding: Spotted ___DICK
87.6%
Clue 4-Letter Word % Correct
A black powdery substanceSOOT
87.3%
TreasureLOOT
86.8%
A banner with a design on itFLAG
86.1%
Gas tank readingFULL
85.8%
Trigonometric functionSINE
85.6%
Whip as punishmentFLOG
84.8%
To plug a gapFILL
84.6%
Blank document to fill outFORM
82.2%
Aerating creepy crawly in the soilWORM
82%
A sequence of images of moving objectsFILM
79.2%
Slimy mollusk that can pollenateSLUG
78.2%
UnyieldingFIRM
76.5%
Matter left as residue after smelting oreSLAG
76.3%
A locationSITE
74.9%
A tiny garden arachnidMITE
74.7%

Today's Daily Dose

You're not logged in!

Compare scores with friends on all Sporcle quizzes.
OR
Log In

From the Vault

US States with an 'IN'

by sproutcm

These states get to hang with the in-crowd.
Remove Ads.
Support Sporcle.
Get the best of Sporcle when you Go Orange. This ad-free experience offers more features, more stats, and more fun while also helping to support Sporcle. Thank you for becoming a member.

Show Comments

Extras

Top Quizzes Today


Score Distribution

Your Account Isn't Verified!

In order to create a playlist on Sporcle, you need to verify the email address you used during registration. Go to your Sporcle Settings to finish the process.

Report this User

Report this user for behavior that violates our Community Guidelines.

Details: